000 00624nam a22001817a 4500
999 _c166909
_d166909
010 _aENG-126180
020 _c225.00
_a978-93-87253-52-0
035 _aEN-109712
037 _bDBAD/PUB
082 _a339
100 _aChaturvedi,D.D.
245 _aMacro Economics/
_cby D.D. Chaturvedi
260 _aNew Delhi
_bKitab Mahal Publishers
_c2019
270 _a8,Hari Sadan,(G.F.) 20,Ansari Road,Daryaganj
_bNew Delhi
_e110002
_k23273230,9810669341
_mkitab_mahal@hotmail.com
_l011-23289285
300 _a286p.
_c21cm(pbk)
_bill
500 _aits includes Index and Bibliography
942 _2ddc
_cEN
_h339
_mCHA